Biblioteca y Centro de Documentación

Crisis or Zemblanity? Viewing the "migration crisis" through a Greek lens (Registro nro. 47720)

Detalles MARC
000 -CABECERA
Longitud fija campo de control 01191naa a2200325 c 4500
001 - NÚMERO DE CONTROL
Número de control 47720
003 - IDENTIFICADOR DE NÚMERO DE CONTROL
Identificador del número de control ES-MaCES
005 - FECHA Y HORA DE LA ÚLTIMA TRANSACCIÓN
Fecha y hora de la última transacción 20160531134711.0
008 - CAMPO FIJO DE DESCRIPCIÓN FIJA--INFORMACIÓN GENERAL
Códigos de información de longitud fija   160531s2016 uk ||||| t||||||| ||e d
040 ## - FUENTE DE CATALOGACIÓN
Centro catalogador de origen ES-MaCES
Lengua de catalogación spa
Centro transcriptor ES-MaCES
Centro modificado ES-MaCES
245 00 - MENCIÓN DE TÍTULO
Título Crisis or Zemblanity? Viewing the "migration crisis" through a Greek lens
Mención de responsabilidad, etc. Yannis Christodouloua, Evie Papadaa, Anna Papoutsia, Antonis Vradisa
500 ## - NOTA GENERAL
Nota general resumen
504 ## - NOTA DE BIBLIOGRAFÍA, ETC.
Nota de bibliografía, etc. Bibliografía: p. 325
650 #4 - ASIENTO SECUNDARIO DE MATERIA--TÉRMINO DE MATERIA
9 (RLIN) 29805
Término de materia o nombre geográfico como elemento inicial migración internacional
650 #4 - ASIENTO SECUNDARIO DE MATERIA--TÉRMINO DE MATERIA
9 (RLIN) 28631
Término de materia o nombre geográfico como elemento inicial inmigrante
650 #4 - ASIENTO SECUNDARIO DE MATERIA--TÉRMINO DE MATERIA
9 (RLIN) 26677
Término de materia o nombre geográfico como elemento inicial frontera
650 #4 - ASIENTO SECUNDARIO DE MATERIA--TÉRMINO DE MATERIA
9 (RLIN) 29183
Término de materia o nombre geográfico como elemento inicial política migratoria
650 #4 - ASIENTO SECUNDARIO DE MATERIA--TÉRMINO DE MATERIA
9 (RLIN) 29918
Término de materia o nombre geográfico como elemento inicial mecanismo de control
650 #4 - ASIENTO SECUNDARIO DE MATERIA--TÉRMINO DE MATERIA
9 (RLIN) 27044
Término de materia o nombre geográfico como elemento inicial problema social
650 #4 - ASIENTO SECUNDARIO DE MATERIA--TÉRMINO DE MATERIA
9 (RLIN) 26947
Término de materia o nombre geográfico como elemento inicial Grecia
650 #4 - ASIENTO SECUNDARIO DE MATERIA--TÉRMINO DE MATERIA
9 (RLIN) 26752
Término de materia o nombre geográfico como elemento inicial UE
653 10 - TÉRMINO DE INDEXACIÓN--NO CONTROLADO
Término no controlado Ciencias Sociales-Políticas
700 1# - ENCABEZAMIENTO SECUNDARIO--NOMBRE PERSONAL
9 (RLIN) 36945
Nombre de persona Christodouloua, Yannis
700 1# - ENCABEZAMIENTO SECUNDARIO--NOMBRE PERSONAL
9 (RLIN) 36946
Nombre de persona Papadaa, Evie
700 1# - ENCABEZAMIENTO SECUNDARIO--NOMBRE PERSONAL
9 (RLIN) 36947
Nombre de persona Papoutsia, Anna
700 1# - ENCABEZAMIENTO SECUNDARIO--NOMBRE PERSONAL
9 (RLIN) 36948
Nombre de persona Vradisa, Antonis
773 0# - ENTRADA DE DOCUMENTO FUENTE
Itemnumber del ítem fuente 84447
Lugar, editor y fecha de publicación London Frank Cass
Otro identificador del documento 087349
Título Mediterranean politics
Número de control del registro relacionado (ES-MaCES)25926
Parte(s) relacionada(s) vol. 21, no. 2 (July 2016) {55/964 R. 087349} ;p. 321-325
902 ## - CES. TIPO DE DOCUMENTO
Tipodoc (006$c Sirtex) ART Artículo de revista
942 ## - ELEMENTOS KOHA
Fuente de clasificaión o esquema Clasificación propia del CES
Koha [por defecto] tipo de item Artículos (1982-2017)
Parte de clasificación Ciencias Sociales Politicas Empresariale

No hay ítems disponibles.

© CES, Consejo Económico y Social de España 2021